[Event "Dutch Open 2009"]
[Site "Dieren NED"]
[Date "2009.07.22"]
[Round "2.44"]
[White "Roggeveen, Wouter"]
[Black "Haast, Anne"]
[Result "0-1"]
[WhiteElo "2025"]
[BlackElo "2158"]
[PlyCount "32"]
[EventDate "2009.07.21"]
[EventType "swiss"]
[EventRounds "9"]
[EventCountry "NED"]
[Source "lmi"]
[SourceDate "2009.07.21"]

1. e4 e5 2. f4 exf4 3. Nf3 d6 4. Bc4 h6 5. d4 g5 6. h4 Bg7 7. c3 Nc6 8. O-O Qe7
9. Re1 Bd7 10. b4 g4 11. Nh2 Qxh4 12. Bxf4 g3 13. Bxf7+ Kxf7 14. Qf3 Qxh2+ 15.
Kf1 Nxd4 16. cxd4 Bb5+ 0-1

[Event "Dutch Open 2009"]
[Site "Dieren NED"]
[Date "2009.07.23"]
[Round "3.1"]
[White "L'Ami, Erwin"]
[Black "Lalith, Babu M.R"]
[Result "1-0"]
[WhiteElo "2593"]
[BlackElo "2472"]
[PlyCount "57"]
[EventDate "2009.07.21"]
[EventType "swiss"]
[EventRounds "9"]
[EventCountry "NED"]
[Source "lmi"]
[SourceDate "2009.07.21"]

1. d4 Nf6 2. c4 e6 3. g3 d5 4. Bg2 Bb4+ 5. Bd2 Be7 6. Nf3 c6 7. O-O O-O 8. Bf4
b6 9. Nc3 Ba6 10. cxd5 cxd5 11. Rc1 Bb7 12. Nb5 Nc6 13. Ne5 Nxe5 14. dxe5 Nd7
15. h4 Bc5 16. Qd2 a5 17. a3 Ba6 18. Nc3 Ra7 19. Rfd1 Qb8 20. Nxd5 exd5 21. e6
Bxf2+ 22. Kh1 Ne5 23. Qxd5 Bb7 24. exf7+ Rxf7 25. Qxe5 Qa8 26. Qb8+ Rf8 27.
Qxa8 Bxa8 28. e3 Re8 29. Rc3 1-0

[Event "Dutch Open 2009"]
[Site "Dieren NED"]
[Date "2009.07.23"]
[Round "3.2"]
[White "Visser, Yge"]
[Black "Nijboer, Friso"]
[Result "1/2-1/2"]
[WhiteElo "2464"]
[BlackElo "2552"]
[PlyCount "106"]
[EventDate "2009.07.21"]
[EventType "swiss"]
[EventRounds "9"]
[EventCountry "NED"]
[Source "lmi"]
[SourceDate "2009.07.21"]

1. e4 c5 2. Nf3 d6 3. c3 Nf6 4. Be2 g6 5. O-O Bg7 6. Re1 O-O 7. Bf1 Nc6 8. d4
cxd4 9. cxd4 d5 10. e5 Ne4 11. h3 Be6 12. Nc3 Rc8 13. Bd3 Nxc3 14. bxc3 Na5 15.
Bd2 Qd7 16. Qe2 Nc4 17. Ng5 Nxd2 18. Nxe6 Nf3+ 19. Qxf3 Qxe6 20. Bc2 Qc6 21.
Re3 b5 22. Rb1 Bh6 23. Rd3 a5 24. h4 b4 25. h5 Kg7 26. hxg6 hxg6 27. Qg4 Qe6
28. Qxe6 fxe6 29. g3 Rxc3 30. Rxc3 bxc3 31. Rb6 Bd2 32. Rxe6 Kf7 33. Rxg6 Rb8
34. e6+ Kf8 35. Rg4 Rb6 36. Bf5 Rc6 37. Bh7 Rxe6 38. Rg8+ Kf7 39. Rc8 Kg7 40.
Bd3 Rb6 41. Bc2 Rb2 42. Bb3 e5 43. dxe5 d4 44. Kg2 Rxb3 45. axb3 d3 46. Kf3 c2
47. Ke4 Bc3 48. Rxc3 d2 49. Rxc2 d1=Q 50. Rc7+ Kf8 51. Rc3 Qe2+ 52. Re3 Qc2+
53. Rd3 Qe2+ 1/2-1/2

[Event "Dutch Open 2009"]
[Site "Dieren NED"]
[Date "2009.07.23"]
[Round "3.3"]
[White "Giri, Anish"]
[Black "Brandenburg, Daan"]
[Result "1-0"]
[WhiteElo "2518"]
[BlackElo "2463"]
[PlyCount "49"]
[EventDate "2009.07.21"]
[EventType "swiss"]
[EventRounds "9"]
[EventCountry "NED"]
[Source "lmi"]
[SourceDate "2009.07.21"]

1. e4 c5 2. Nf3 d6 3. d4 cxd4 4. Nxd4 Nf6 5. Nc3 e6 6. Be3 Be7 7. f3 Nc6 8. Qd2
O-O 9. O-O-O a6 10. g4 Nd7 11. h4 Nxd4 12. Bxd4 b5 13. g5 Bb7 14. a3 Qc7 15.
Bh3 Ne5 16. Qg2 Nc6 17. Be3 b4 18. axb4 Nxb4 19. g6 hxg6 20. h5 Bf6 21. hxg6
Bxc3 22. Bxe6 Rfb8 23. Rh8+ Kxh8 24. Bxf7 Bxb2+ 25. Kb1 1-0

[Event "Dutch Open 2009"]
[Site "Dieren NED"]
[Date "2009.07.23"]
[Round "3.4"]
[White "Miedema, Roi"]
[Black "Swinkels, Robin"]
[Result "1/2-1/2"]
[WhiteElo "2432"]
[BlackElo "2516"]
[PlyCount "49"]
[EventDate "2009.07.21"]
[EventType "swiss"]
[EventRounds "9"]
[EventCountry "NED"]
[Source "lmi"]
[SourceDate "2009.07.21"]

1. d4 Nf6 2. c4 e6 3. Nc3 Bb4 4. Qc2 O-O 5. Nf3 c5 6. dxc5 Na6 7. c6 bxc6 8. g3
Nc5 9. Bg2 Nce4 10. O-O Bxc3 11. bxc3 d5 12. Ne5 Qa5 13. Nxc6 Qxc3 14. Qxc3
Nxc3 15. cxd5 exd5 16. Ne7+ Kh8 17. Bb2 Nxe2+ 18. Kh1 Rb8 19. Bxf6 gxf6 20.
Nxc8 Rfxc8 21. Bxd5 Kg7 22. Rab1 Rxb1 23. Rxb1 Rc5 24. Bb3 Nc1 25. Kg2 1/2-1/2

[Event "Dutch Open 2009"]
[Site "Dieren NED"]
[Date "2009.07.23"]
[Round "3.5"]
[White "Vovk, Andrey"]
[Black "Shyam, Sundar M"]
[Result "1-0"]
[WhiteElo "2506"]
[BlackElo "2415"]
[PlyCount "85"]
[EventDate "2009.07.21"]
[EventType "swiss"]
[EventRounds "9"]
[EventCountry "NED"]
[Source "lmi"]
[SourceDate "2009.07.21"]

1. e4 e5 2. Nf3 Nf6 3. Nxe5 d6 4. Nf3 Nxe4 5. Nc3 Nxc3 6. dxc3 Be7 7. Bf4 Be6
8. Nd4 Bd7 9. Bd3 O-O 10. Qd2 Nc6 11. Nxc6 Bxc6 12. O-O-O Re8 13. f3 h6 14.
Rde1 Bg5 15. Rxe8+ Bxe8 16. Be4 Rb8 17. Re1 Kf8 18. Bxg5 Qxg5 19. f4 Qc5 20. b4
Qb6 21. f5 f6 22. Bd5 Bd7 23. Be6 Bxe6 24. fxe6 Re8 25. Qd3 Qf2 26. Re2 Qf1+
27. Kb2 f5 28. Qd5 Ke7 29. Re3 Qf4 30. Rg3 Kf6 31. Qxb7 Qc4 32. Qxa7 Rxe6 33.
Qd4+ Qxd4 34. cxd4 f4 35. Rc3 Re2 36. g3 g5 37. gxf4 gxf4 38. Rxc7 Re4 39. Rc3
Rxd4 40. Kb3 Rd1 41. Kb2 d5 42. b5 Rd4 43. b6 1-0

[Event "Dutch Open 2009"]
[Site "Dieren NED"]
[Date "2009.07.23"]
[Round "3.7"]
[White "Ernst, Sipke"]
[Black "Soumya, Swaminathan"]
[Result "1-0"]
[WhiteElo "2598"]
[BlackElo "2309"]
[PlyCount "77"]
[EventDate "2009.07.21"]
[EventType "swiss"]
[EventRounds "9"]
[EventCountry "NED"]
[Source "lmi"]
[SourceDate "2009.07.21"]

1. Nf3 Nf6 2. c4 c5 3. e3 g6 4. d4 Bg7 5. Nc3 O-O 6. Be2 cxd4 7. exd4 d5 8. O-O
Nc6 9. Re1 Bg4 10. c5 Ne4 11. Be3 Nxc3 12. bxc3 b6 13. cxb6 axb6 14. h3 Bc8 15.
Bb5 Na5 16. Bg5 Be6 17. Qc1 Nc4 18. Qf4 Nd6 19. Bd3 Re8 20. Bh6 Qc8 21. Re3 Bf5
22. Bxg7 Kxg7 23. Bf1 Ra3 24. Qe5+ Kg8 25. Qxd5 Rxc3 26. Rxc3 Qxc3 27. Re1 Bc8
28. Re3 Qb2 29. Qxd6 exd6 30. Rxe8+ Kg7 31. Rxc8 Qxa2 32. Rc6 Qb2 33. Rxd6 b5
34. Rd7 b4 35. Ne5 b3 36. Rxf7+ Kh6 37. Ng4+ Kg5 38. g3 Qxd4 39. Kh2 1-0

[Event "Dutch Open 2009"]
[Site "Dieren NED"]
[Date "2009.07.23"]
[Round "3.9"]
[White "Vovk, Yuri"]
[Black "Van Delft, Merijn"]
[Result "1/2-1/2"]
[WhiteElo "2567"]
[BlackElo "2360"]
[PlyCount "161"]
[EventDate "2009.07.21"]
[EventType "swiss"]
[EventRounds "9"]
[EventCountry "NED"]
[Source "lmi"]
[SourceDate "2009.07.21"]

1. d4 Nf6 2. c4 g6 3. Nc3 Bg7 4. e4 d6 5. f3 O-O 6. Nge2 c5 7. Be3 Nc6 8. d5
Ne5 9. Ng3 e6 10. Be2 exd5 11. cxd5 a6 12. a4 h5 13. O-O Nh7 14. Qd2 h4 15. Nh1
f5 16. Nf2 Bd7 17. Rae1 Rb8 18. exf5 gxf5 19. Nh3 b5 20. axb5 axb5 21. Nf4 b4
22. Nd1 Qe7 23. Nh5 Bh8 24. Kh1 Qf7 25. Nf4 Bg7 26. Nf2 Ra8 27. N2h3 Rfd8 28.
Bf2 Bf6 29. Ne6 Bxe6 30. dxe6 Qxe6 31. Qh6 Qb3 32. f4 Bg7 33. Qh5 Nd3 34. Bxd3
Qxd3 35. Bxh4 Rd7 36. Ng5 Nf8 37. Rf3 Qd2 38. h3 c4 39. Rfe3 Bd4 40. R3e2 Qd3
41. Kh2 Rg7 42. Re8 Rxe8 43. Rxe8 Qf1 44. Rxf8+ Kxf8 45. Qh8+ Ke7 46. Nf3+ Kf7
47. Bg5 Bxb2 48. Qc8 Qd3 49. Bh6 Qe4 50. Qc7+ Kg8 51. Qxd6 b3 52. Qb8+ Kh7 53.
Bxg7 Kxg7 54. Qc7+ Kf8 55. Nd2 Qd4 56. Nxc4 Bc1 57. Kg3 Qg7+ 58. Qxg7+ Kxg7 59.
Kf3 Kf6 60. g3 b2 61. Na3 Bd2 62. g4 fxg4+ 63. hxg4 Bb4 64. Nb1 Kg6 65. Ke4 Kf6
66. Kf3 Ba5 67. Kg3 Bc7 68. Nc3 Ba5 69. Nb1 Bc7 70. Kf3 Ba5 71. Ke3 Bb6+ 72.
Ke4 Ba5 73. Kd5 Bc7 74. f5 Kg5 75. Ke6 Bd8 76. Nc3 Kxg4 77. f6 Bxf6 78. Kxf6
Kf4 79. Ke6 Ke3 80. Nd1+ Kd2 81. Nxb2 1/2-1/2

[Event "Dutch Open 2009"]
[Site "Dieren NED"]
[Date "2009.07.23"]
[Round "3.10"]
[White "Van Der Poel, Henk"]
[Black "Reinderman, Dimitri"]
[Result "0-1"]
[WhiteElo "2282"]
[BlackElo "2565"]
[PlyCount "64"]
[EventDate "2009.07.21"]
[EventType "swiss"]
[EventRounds "9"]
[EventCountry "NED"]
[Source "lmi"]
[SourceDate "2009.07.21"]

1. e4 c5 2. Nf3 Nc6 3. d4 cxd4 4. Nxd4 Nf6 5. Nc3 e5 6. Ndb5 d6 7. Bg5 a6 8.
Na3 b5 9. Bxf6 gxf6 10. Nd5 f5 11. exf5 Bxf5 12. c3 Bg7 13. Nc2 O-O 14. Nce3
Be6 15. Bd3 f5 16. Bc2 Ra7 17. Qh5 Raf7 18. g4 Bxd5 19. Nxd5 e4 20. Ne3 b4 21.
Nxf5 bxc3 22. Nxg7 cxb2 23. Rd1 Rxg7 24. Qd5+ Rgf7 25. O-O Ne5 26. Bxe4 Nxg4
27. Bg2 Qb6 28. Qg5+ Rg7 29. Qd5+ Kh8 30. Qxd6 Qxd6 31. Rxd6 Ne3 32. Rb6 Rxg2+
0-1

[Event "Dutch Open 2009"]
[Site "Dieren NED"]
[Date "2009.07.23"]
[Round "3.11"]
[White "Ikonnikov, Vyacheslav"]
[Black "Motoc, Alina"]
[Result "1-0"]
[WhiteElo "2556"]
[BlackElo "2315"]
[PlyCount "65"]
[EventDate "2009.07.21"]
[EventType "swiss"]
[EventRounds "9"]
[EventCountry "NED"]
[Source "lmi"]
[SourceDate "2009.07.21"]

1. d4 Nf6 2. Nf3 g6 3. c4 Bg7 4. Nc3 O-O 5. e4 d6 6. Be2 e5 7. Be3 Ng4 8. Bg5
f6 9. Bh4 g5 10. Bg3 Nh6 11. h3 exd4 12. Nxd4 f5 13. exf5 Nxf5 14. Nxf5 Bxf5
15. O-O Nc6 16. Bg4 Nd4 17. Re1 Kh8 18. Qd2 Bg6 19. Rac1 h5 20. Be2 Nf5 21. Bd3
Bh6 22. Nd5 g4 23. Bf4 Bxf4 24. Qxf4 gxh3 25. Bxf5 Rxf5 26. Qh6+ Bh7 27. Ne7
Rf7 28. Ng6+ Kg8 29. Re6 Qd7 30. Rce1 Qc6 31. gxh3 Rg7 32. Kh2 Qd7 33. Re7 1-0

[Event "Dutch Open 2009"]
[Site "Dieren NED"]
[Date "2009.07.23"]
[Round "3.12"]
[White "Bosch, Jeroen"]
[Black "Shreyansh, Daklia"]
[Result "1-0"]
[WhiteElo "2456"]
[BlackElo "2279"]
[PlyCount "80"]
[EventDate "2009.07.21"]
[EventType "swiss"]
[EventRounds "9"]
[EventCountry "NED"]
[Source "lmi"]
[SourceDate "2009.07.21"]

1. d4 d5 2. Bf4 Nf6 3. e3 e6 4. c3 c5 5. Nd2 Nc6 6. Bd3 Be7 7. Ngf3 Qb6 8. Rb1
h6 9. h3 O-O 10. O-O Bd7 11. Qe2 Rae8 12. a3 a5 13. Rfe1 Bc8 14. Bh2 Qa7 15.
Kh1 c4 16. Bc2 b5 17. g4 g6 18. Rg1 Kg7 19. Ne5 Qb7 20. Nxc6 Qxc6 21. Be5 Bd6
22. f4 Bxe5 23. dxe5 Nh7 24. Nf3 f6 25. Kh2 Qc7 26. Qd2 Re7 27. Rbf1 g5 28. Qd4
Ref7 29. exf6+ Rxf6 30. Ne5 gxf4 31. exf4 Ng5 32. Rg3 Ne4 33. Bxe4 Rxf4 34.
Rxf4 Rxf4 35. Ng6+ e5 36. Qxd5 Be6 37. Qxe6 Rxe4 38. Qe7+ Qxe7 39. Nxe7 Kf6 40.
Nf5 h5 1-0

[Event "Dutch Open 2009"]
[Site "Dieren NED"]
[Date "2009.07.23"]
[Round "3.13"]
[White "Diepeveen, Vincent"]
[Black "Hendriks, Willy"]
[Result "1/2-1/2"]
[WhiteElo "2273"]
[BlackElo "2444"]
[PlyCount "60"]
[EventDate "2009.07.21"]
[EventType "swiss"]
[EventRounds "9"]
[EventCountry "NED"]
[Source "lmi"]
[SourceDate "2009.07.21"]

1. e4 c5 2. Nf3 Nc6 3. d4 cxd4 4. Nxd4 e6 5. Nb5 d6 6. Bf4 e5 7. Be3 Be7 8. c4
Be6 9. N1c3 a6 10. Na3 Bg5 11. Nc2 Bxe3 12. Nxe3 Nf6 13. Bd3 O-O 14. O-O Rc8
15. Kh1 Nd4 16. f4 b5 17. cxb5 axb5 18. Nxb5 Qb6 19. Nxd4 exd4 20. e5 dxe5 21.
fxe5 Nd7 22. Nf5 Bxf5 23. Bxf5 Rcd8 24. Qd3 g6 25. Bxd7 Rxd7 26. Rf2 Re8 27.
Re2 Rd5 28. h3 Rdxe5 29. Rxe5 Rxe5 30. Rd1 Qxb2 1/2-1/2

[Event "Dutch Open 2009"]
[Site "Dieren NED"]
[Date "2009.07.23"]
[Round "3.14"]
[White "Bitalzadeh, Ali"]
[Black "Padmini, Rout"]
[Result "1/2-1/2"]
[WhiteElo "2434"]
[BlackElo "2243"]
[PlyCount "85"]
[EventDate "2009.07.21"]
[EventType "swiss"]
[EventRounds "9"]
[EventCountry "NED"]
[Source "lmi"]
[SourceDate "2009.07.21"]

1. e4 c5 2. Nf3 d6 3. d4 cxd4 4. Nxd4 Nf6 5. Nc3 a6 6. h3 e6 7. g4 Be7 8. Bg2
Nfd7 9. Be3 Nc6 10. O-O O-O 11. f4 Nxd4 12. Bxd4 e5 13. Be3 exf4 14. Bxf4 Ne5
15. b3 Be6 16. Qd2 Rc8 17. Nd5 Bxd5 18. exd5 Ng6 19. Be3 Bf6 20. Rad1 Bc3 21.
Qf2 Qe7 22. Bb6 f5 23. gxf5 Nh4 24. Qe3 Be5 25. c4 Nxf5 26. Qd2 Qh4 27. Rf3 Ng3
28. Rxf8+ Rxf8 29. Re1 Bf4 30. Qd1 Nf5 31. Bf2 Bh2+ 32. Kxh2 Qxf2 33. Qe2 Qg3+
34. Kh1 Nd4 35. Qe4 Nf3 36. Qe6+ Kh8 37. Bxf3 Qxf3+ 38. Kh2 Qf2+ 39. Kh1 h6 40.
Rg1 Qf3+ 41. Kh2 Qf2+ 42. Kh1 Qf3+ 43. Kh2 1/2-1/2

[Event "Dutch Open 2009"]
[Site "Dieren NED"]
[Date "2009.07.23"]
[Round "3.15"]
[White "Rajesh, V A V."]
[Black "Wohl, Aleksandar H"]
[Result "0-1"]
[WhiteElo "2249"]
[BlackElo "2387"]
[PlyCount "94"]
[EventDate "2009.07.21"]
[EventType "swiss"]
[EventRounds "9"]
[EventCountry "NED"]
[Source "lmi"]
[SourceDate "2009.07.21"]

1. d4 e6 2. c4 b6 3. Nc3 Bb7 4. e4 Bb4 5. Qc2 Qh4 6. Bd3 f5 7. g3 Qh5 8. f3
fxe4 9. Bxe4 Bxe4 10. Qxe4 Nc6 11. Nge2 Nf6 12. Qd3 O-O 13. O-O e5 14. Be3 Rae8
15. a3 exd4 16. Bxd4 Bc5 17. Kh1 Bxd4 18. Nxd4 Ne5 19. Qe2 Qh3 20. Rae1 Neg4
21. Qd2 Nh5 22. Qg2 Qxg2+ 23. Kxg2 Ne3+ 24. Rxe3 Rxe3 25. Kf2 Rd3 26. Rd1 Rxd1
27. Nxd1 Nf6 28. Ne3 a6 29. Ke2 g6 30. Kd3 Rd8 31. b4 Kf7 32. g4 c5 33. bxc5
bxc5 34. Nb3 d6 35. Kc3 Ke6 36. g5 Nd7 37. Nd5 Rb8 38. Nd2 Nb6 39. Nf4+ Kf5 40.
Nd3 Re8 41. Ne4 Rxe4 42. fxe4+ Kxe4 43. Nf2+ Kf3 44. Nh1 Nd7 45. Ng3 Ne5 46.
Nf1 Kf4 47. Nd2 Nf3 0-1

[Event "Dutch Open 2009"]
[Site "Dieren NED"]
[Date "2009.07.23"]
[Round "3.16"]
[White "Tondivar, Babak"]
[Black "Ootes, Lars"]
[Result "1/2-1/2"]
[WhiteElo "2372"]
[BlackElo "2261"]
[PlyCount "106"]
[EventDate "2009.07.21"]
[EventType "swiss"]
[EventRounds "9"]
[EventCountry "NED"]
[Source "lmi"]
[SourceDate "2009.07.21"]

1. d4 d6 2. Nf3 g6 3. g3 Bg7 4. Bg2 Nf6 5. O-O O-O 6. a4 Nc6 7. a5 Nb4 8. c3
Na6 9. b4 c6 10. Nbd2 d5 11. Ne5 Bf5 12. Re1 Nc7 13. Bb2 Ng4 14. Nd3 e5 15. h3
exd4 16. cxd4 Bxd3 17. exd3 Nf6 18. Nf3 a6 19. Ne5 Nb5 20. Qd2 Ne8 21. f4 Ned6
22. Qf2 Bf6 23. h4 Nf5 24. Rab1 Re8 25. Bh3 Nxg3 26. Qxg3 Bxh4 27. Qg4 Bxe1 28.
Rxe1 f6 29. f5 fxe5 30. dxe5 d4 31. Bc1 Qc7 32. Bf4 Qf7 33. Qg3 Qg7 34. Qh4 g5
35. Qxg5 Nc7 36. e6 Qxg5+ 37. Bxg5 Kg7 38. f6+ Kg6 39. Bh4 Kh5 40. Bg3 Rg8 41.
Kh2 Rxg3 42. Kxg3 Kg6 43. Rf1 Nd5 44. f7 Kg7 45. Kf3 Kf8 46. Ke4 Rd8 47. Bf5
Nf6+ 48. Ke5 Ke7 49. Rg1 Rd5+ 50. Kf4 Nh5+ 51. Ke4 Nf6+ 52. Kf4 Nh5+ 53. Ke4
Nf6+ 1/2-1/2

[Event "Dutch Open 2009"]
[Site "Dieren NED"]
[Date "2009.07.23"]
[Round "3.18"]
[White "Haast, Anne"]
[Black "Pruijssers, Roeland"]
[Result "0-1"]
[WhiteElo "2158"]
[BlackElo "2401"]
[PlyCount "86"]
[EventDate "2009.07.21"]
[EventType "swiss"]
[EventRounds "9"]
[EventCountry "NED"]
[Source "lmi"]
[SourceDate "2009.07.21"]

1. e4 e5 2. Nf3 Nc6 3. Bb5 a6 4. Ba4 Nf6 5. O-O Be7 6. Re1 b5 7. Bb3 d6 8. c3
O-O 9. h3 Na5 10. Bc2 c5 11. d4 Qc7 12. Nbd2 Bd7 13. Nf1 Nc4 14. b3 Nb6 15. Bb2
a5 16. Ne3 c4 17. Ba3 Rfe8 18. Qd2 Bf8 19. Nd5 Nbxd5 20. exd5 e4 21. Ng5 Bf5
22. Qf4 Bg6 23. Bb2 Nxd5 24. Qg3 Nf6 25. f3 exf3 26. Bxg6 hxg6 27. Nxf3 Qc6 28.
Qf4 cxb3 29. axb3 a4 30. bxa4 bxa4 31. Rxe8 Rxe8 32. Rc1 Re2 33. Ba3 Ra2 34.
Bb4 Nd5 35. Qe4 Nxb4 36. Qb1 Qc4 37. cxb4 Qe2 38. Ne1 Qf2+ 39. Kh1 Qf1+ 40. Kh2
d5 41. Qxa2 Qf4+ 42. g3 Qxc1 43. Nd3 Qc4 0-1

[Event "Dutch Open 2009"]
[Site "Dieren NED"]
[Date "2009.07.23"]
[Round "3.19"]
[White "Van Eijk, Sander"]
[Black "Van Leent, Dimitri"]
[Result "1-0"]
[WhiteElo "2338"]
[BlackElo "2192"]
[PlyCount "89"]
[EventDate "2009.07.21"]
[EventType "swiss"]
[EventRounds "9"]
[EventCountry "NED"]
[Source "lmi"]
[SourceDate "2009.07.21"]

1. e4 e6 2. d4 d5 3. Nd2 c5 4. Ngf3 cxd4 5. exd5 Qxd5 6. Bc4 Qd6 7. O-O Nf6 8.
Nb3 Nc6 9. Nbxd4 Nxd4 10. Nxd4 a6 11. c3 Qc7 12. Bd3 Bd6 13. Kh1 Bd7 14. Bg5
O-O-O 15. Qf3 h6 16. Bh4 Rhg8 17. Rad1 Kb8 18. Bg3 h5 19. Bxd6 Qxd6 20. Bc4 Qc7
21. Qe2 Ng4 22. f4 Ne3 23. Qxe3 Qxc4 24. b3 Qc7 25. c4 Rde8 26. Nf3 f6 27. Rfe1
Bc6 28. Nd4 e5 29. fxe5 Rxe5 30. Nxc6+ bxc6 31. Qc3 Rge8 32. Rxe5 Rxe5 33. Qb4+
Kc8 34. h3 Qe7 35. Qc3 Re2 36. Qa5 Kb7 37. c5 Qc7 38. Qb4+ Ka7 39. a4 a5 40.
Qc3 Re4 41. Rd6 Kb7 42. Qd2 Re7 43. Kg1 Kc8 44. Qd3 Qb7 45. Rd8+ 1-0

[Event "Dutch Open 2009"]
[Site "Dieren NED"]
[Date "2009.07.23"]
[Round "3.20"]
[White "Hachijan, Armen"]
[Black "Bezemer, Arno"]
[Result "0-1"]
[WhiteElo "2132"]
[BlackElo "2332"]
[PlyCount "92"]
[EventDate "2009.07.21"]
[EventType "swiss"]
[EventRounds "9"]
[EventCountry "NED"]
[Source "lmi"]
[SourceDate "2009.07.21"]

1. e4 c5 2. Nf3 d6 3. d4 cxd4 4. Nxd4 Nf6 5. Nc3 a6 6. h3 e6 7. g4 d5 8. exd5
Nxd5 9. Nde2 Bb4 10. Bg2 O-O 11. O-O Nxc3 12. Nxc3 Qc7 13. Qf3 Bxc3 14. bxc3
Nc6 15. Qe4 Qa5 16. Be3 e5 17. f4 exf4 18. Rxf4 Qxc3 19. Raf1 Be6 20. Bb6 Bxa2
21. Qf5 Be6 22. Qh5 a5 23. g5 g6 24. Qh4 Qb2 25. Bc5 Qxc2 26. Bxf8 Rxf8 27. Qe1
Qc5+ 28. Kh1 Qxg5 29. h4 Qc5 30. Qe4 Rd8 31. Qb1 Rd7 32. Kh2 Nd4 33. Qb2 Qe5
34. Kh1 Bd5 35. R1f2 Bxg2+ 36. Kxg2 Qd5+ 37. Kh2 Ne6 38. Rg4 Qd6+ 39. Rg3 a4
40. h5 Qd4 41. hxg6 hxg6 42. Qe2 Kg7 43. Qf3 b5 44. Rg4 Qe5+ 45. Kg1 b4 46. Re2
Nd4 0-1

[Event "Dutch Open 2009"]
[Site "Dieren NED"]
[Date "2009.07.23"]
[Round "3.21"]
[White "Van Assendelft, Floris"]
[Black "Theulings, Paul-Peter"]
[Result "1-0"]
[WhiteElo "2332"]
[BlackElo "2162"]
[PlyCount "73"]
[EventDate "2009.07.21"]
[EventType "swiss"]
[EventRounds "9"]
[EventCountry "NED"]
[Source "lmi"]
[SourceDate "2009.07.21"]

1. Nf3 Nf6 2. g3 b6 3. Bg2 Bb7 4. c4 e6 5. O-O Be7 6. Nc3 O-O 7. d4 d5 8. cxd5
exd5 9. Nh4 Ne4 10. Nf5 Bf6 11. Bf4 Qd7 12. Ne3 Re8 13. Rc1 Na6 14. h4 c6 15.
Kh2 Bc8 16. Qa4 b5 17. Qc2 Nb4 18. Qd1 h6 19. a3 g5 20. hxg5 hxg5 21. Be5 Bxe5
22. Nxe4 dxe4 23. dxe5 Nd5 24. Qd4 Nf6 25. Qxd7 Nxd7 26. Bxe4 Nxe5 27. Bxc6
Nxc6 28. Rxc6 Be6 29. Rc5 g4 30. Rxb5 Kg7 31. Rd1 Rh8+ 32. Kg2 Rh6 33. Rd4 Rah8
34. Nxg4 Rg6 35. Ne3 Bh3+ 36. Kf3 f5 37. Nxf5+ 1-0

[Event "Dutch Open 2009"]
[Site "Dieren NED"]
[Date "2009.07.23"]
[Round "3.22"]
[White "Blees, Enrico"]
[Black "Kuipers, Stefan"]
[Result "0-1"]
[WhiteElo "2130"]
[BlackElo "2324"]
[PlyCount "72"]
[EventDate "2009.07.21"]
[EventType "swiss"]
[EventRounds "9"]
[EventCountry "NED"]
[Source "lmi"]
[SourceDate "2009.07.21"]

1. c4 Nf6 2. Nc3 e5 3. g3 Bb4 4. Bg2 O-O 5. Nf3 Re8 6. O-O c6 7. a3 Bxc3 8.
dxc3 d6 9. Qc2 h6 10. Rd1 Qc7 11. h3 Be6 12. b3 a5 13. a4 Na6 14. Ba3 d5 15. b4
Rad8 16. b5 Nb8 17. Rab1 Nbd7 18. c5 e4 19. Nd4 Ne5 20. Bc1 Qc8 21. Kh2 Nc4 22.
bxc6 bxc6 23. Qb3 Nd7 24. Ba3 Qc7 25. Qa2 Rc8 26. h4 Qa7 27. Nxe6 Rxe6 28. Rd4
Rce8 29. Rxc4 dxc4 30. Qxc4 Re5 31. Bh3 e3 32. Bxd7 Qxd7 33. f3 Rd5 34. Kg2 Rd2
35. Re1 Rd1 36. Rxd1 Qxd1 0-1

[Event "Dutch Open 2009"]
[Site "Dieren NED"]
[Date "2009.07.23"]
[Round "3.24"]
[White "Van Dooren, Dirk"]
[Black "Kabos, Tobias"]
[Result "1/2-1/2"]
[WhiteElo "2308"]
[BlackElo "2122"]
[PlyCount "156"]
[EventDate "2009.07.21"]
[EventType "swiss"]
[EventRounds "9"]
[EventCountry "NED"]
[Source "lmi"]
[SourceDate "2009.07.21"]

1. f4 e5 2. fxe5 d6 3. exd6 Bxd6 4. Nf3 g5 5. g3 g4 6. Nh4 Ne7 7. Nc3 Ng6 8.
Nxg6 hxg6 9. Ne4 Bf5 10. Nxd6+ Qxd6 11. d3 Nc6 12. Bg2 O-O-O 13. O-O Rh5 14.
Rf2 Rdh8 15. Bxc6 Qxc6 16. Be3 Qd6 17. Bf4 Qb6 18. e3 Qxb2 19. Rb1 Qg7 20. Rb5
Bd7 21. Rxh5 Rxh5 22. e4 Qd4 23. Qe1 Bc6 24. Be3 Qd7 25. Rf6 Qe7 26. Qf2 Rf5
27. Rxf5 gxf5 28. Qxf5+ Bd7 29. Qa5 a6 30. Bf4 Bb5 31. Qc3 Bc6 32. Kf2 Qe6 33.
Qa5 Qe7 34. Ke3 Bb5 35. Qc3 b6 36. Qd4 Bc6 37. Kd2 Kb7 38. Qc4 Bb5 39. Qb3 Bc6
40. Qb2 Qc5 41. Qe5 Qxe5 42. Bxe5 Bd7 43. d4 c6 44. Bd6 b5 45. Ke3 Be6 46. a3
Kc8 47. Kf4 Kd7 48. Bb4 f6 49. c3 Ke8 50. d5 cxd5 51. exd5 Bxd5 52. Kxg4 Kf7
53. Kf5 Bc4 54. Ke4 Kg6 55. Kd4 Bf1 56. Kc5 Kf5 57. Kb6 Kg4 58. Be7 f5 59. Bd6
Kh3 60. Ka5 Be2 61. a4 Bd3 62. Kb4 Kxh2 63. g4+ Kh3 64. gxf5 Bxf5 65. a5 Kg4
66. Kc5 Bd3 67. Kd4 Bc4 68. Bb4 Kf5 69. Kc5 Ke6 70. Kb6 Kd7 71. Kxa6 Kc8 72.
Ka7 Kc7 73. a6 Bd5 74. Ba5+ Kc8 75. Bb6 Bc4 76. Bf2 b4 77. cxb4 Kc7 78. Bc5 Kc6
1/2-1/2

[Event "Dutch Open 2009"]
[Site "Dieren NED"]
[Date "2009.07.23"]
[Round "3.25"]
[White "Mostertman, Milan"]
[Black "Overeem, Marc"]
[Result "1-0"]
[WhiteElo "2119"]
[BlackElo "2303"]
[PlyCount "136"]
[EventDate "2009.07.21"]
[EventType "swiss"]
[EventRounds "9"]
[EventCountry "NED"]
[Source "lmi"]
[SourceDate "2009.07.21"]

1. e4 c5 2. Nf3 d6 3. d4 cxd4 4. Nxd4 Nf6 5. Nc3 Nc6 6. Be2 g6 7. Be3 Bg7 8.
O-O O-O 9. Nb3 Be6 10. f4 Qc8 11. h3 Rd8 12. Bf3 d5 13. e5 Ne4 14. Bxe4 dxe4
15. Qe2 f6 16. Nxe4 fxe5 17. c3 Kh8 18. Ng5 Bg8 19. f5 gxf5 20. Qh5 f4 21. Nc5
Rd6 22. Bf2 Qf5 23. h4 Rd2 24. b4 b6 25. Nce4 Rd3 26. a4 Rad8 27. a5 b5 28. Qe2
a6 29. Bb6 R8d7 30. g4 Qg6 31. h5 Qe8 32. Nc5 Rg3+ 33. Kh2 Rd5 34. Rad1 Qc8 35.
Rg1 Rxd1 36. Qxd1 Rxg1 37. Kxg1 h6 38. Nge4 Bf7 39. Kf2 Kg8 40. Kf3 Bc4 41. Qd7
Qxd7 42. Nxd7 Be6 43. Ndc5 Bc8 44. Nd2 Kf7 45. Nde4 Nb8 46. Bc7 Nd7 47. Nxd7
Bxd7 48. Nc5 Bc6+ 49. Kf2 Bf6 50. Nxa6 Bh4+ 51. Kf1 Ke6 52. Nc5+ Kd5 53. Nd3
Bf6 54. g5 Bxg5 55. Nxe5 Bf6 56. Ng6 e5 57. a6 f3 58. a7 e4 59. Be5 Bd8 60. Bf4
Ke6 61. Bxh6 Bb6 62. Bg7 Bxa7 63. h6 e3 64. h7 Be4 65. Nf4+ Kf5 66. h8=Q Kxf4
67. Bh6+ Kf5 68. Qh7+ Ke5 1-0

[Event "Dutch Open 2009"]
[Site "Dieren NED"]
[Date "2009.07.23"]
[Round "3.33"]
[White "Sprangers, Remco"]
[Black "Uthra, P."]
[Result "1-0"]
[WhiteElo "2222"]
[BlackElo "2063"]
[PlyCount "53"]
[EventDate "2009.07.21"]
[EventType "swiss"]
[EventRounds "9"]
[EventCountry "NED"]
[Source "lmi"]
[SourceDate "2009.07.21"]

1. e4 c5 2. c3 d5 3. exd5 Qxd5 4. d4 Nc6 5. Nf3 Bg4 6. dxc5 Qxd1+ 7. Kxd1 e5 8.
b4 e4 9. h3 Bxf3+ 10. gxf3 exf3 11. Bf4 Nf6 12. Bc4 O-O-O+ 13. Kc2 Nxb4+ 14.
cxb4 Rd4 15. Nd2 Rxf4 16. Rhe1 g6 17. Rad1 Bh6 18. Bxf7 Rd8 19. Nc4 Ne4 20.
Rxd8+ Kxd8 21. Bd5 Nxf2 22. Nd6 Kd7 23. Re8 Rf6 24. Rb8 Nxh3 25. Rxb7+ Kd8 26.
Bc6 Rxd6 27. cxd6 1-0